| 000 | 00551nam a22002057a 4500 | ||
|---|---|---|---|
| 003 | OSt | ||
| 005 | 20210414104051.0 | ||
| 008 | 210218s1966 ||||| |||| 00| 0 eng d | ||
| 040 |
_aeng _beng _cDLC |
||
| 041 | _aeng | ||
| 080 |
_a821.111 _bH-15 |
||
| 100 |
_9920 _aHaggard.William |
||
| 245 |
_aThe Power House _c/ by: Pan Books Ltd |
||
| 260 |
_aLondon _bPan Books Ltd _c1966 |
||
| 300 | _a159 p. | ||
| 365 | _b0.6 usd | ||
| 650 | 0 |
_9254 _aEnglish literature |
|
| 653 | _aინგლისური ლიტერატურა | ||
| 942 |
_2udc _cBK |
||
| 999 |
_c2111 _d2111 |
||